000 01243nam0a2200325 4500
001 RU\NLR\BIBL_A\021963467
005 20230614131110.0
010 _a978-5-287-02283-6
_9300
021 _aRU
_bКН-П-23-023319
_9КН-П-23-2322
035 _a(NLR Aleph) 021963467
090 _a12329540
_c12329540
100 _a20230614d2022 m y0rusy50 ca
101 0 _atab
102 _aRU
105 _ay z 000gy
181 0 _ai
_baxxe
182 0 _an
200 1 _aГьясайихъди
_fРягьим Рягьман
203 _aТекст
_bвизуальный
_cнепосредственный
210 _aМахачкала
_cДаг. кн. изд-во
_d2022
215 _a190 с.
_d21
300 _aВ вып. дан. авт.: Рагим Рахман (Абдурагим Рамазанович Абдурахманов)
541 1 _6z01790
_aЗа посохом
_e[стихи и переводы]
_zrus
686 1 _aШ6(2=Таб)7-5
700 0 _aРягьим Рягьман
_cпсевдоним
_f1964-
_4070
790 0 _6z01541
_aРагим Рахман
_cпсевдоним
_f1964-
_3RU\NLR\AUTH\770197575
_4070
852 _aNLR
_bОНЛ
_jТабас./3-492
942 _cBOOK
980 _aNB